Регионална библиотека "Любен Каравелов" - Русе

Европейска Турция (Запис номер 4955)

MARC детайли
000 -Лидер
Контролно поле с фиксирана дължина 02381nam a2200481 c 4500
003 - Код на организацията, давaща контролен номер
Контролно поле BLK
005 - Дата и час на последна редакция
Контролно поле 20201102105548.0
008 - Елементи от данни с фиксирана дължина
fixed length control field 180412b bul|||||r ||||||| ||bul||
010 ## - Наследен системен номер
LC control number KNG00006127000
020 ## - Международен стандартен номер на книга ISBN
Международен стандартен номер на книга ISBN 954-604-014-2
-- издат.: Иван Вазов
040 ## - Източник на каталожния запис
Идентификатор на билиотеката - собственик на записа BLK
041 ## - Код за език
Код за езика на текст/звукозапис или на отделно заглавие Български
Код за езика КДБФ Български
080 ## - УДК
Текстов определител УДК История на Република Турция след 1920 г. Вж и 949.61 и 939.2/.3
УДК код - определител по УДК 956.0
УДК определител (093)
УДК - код + определител 956.0(093)
080 ## - УДК
Текстов определител УДК Период на кризата на феодализма, зараждане на капиталистически отношения. Възраждане на българския народ (II пол. на ХVIII в. - 1878 г.)
УДК код - определител по УДК 94(497.2)"1750/1878"
УДК определител (093)
УДК - код + определител 94(497.2)"1750/1878"(093)
080 ## - УДК
Текстов определител УДК История на балканските държави
УДК код - определител по УДК 94(497)
УДК определител (093)
УДК - код + определител 94(497)(093)
100 1# - Редна дума - Автор
Автор Бейкър, Джеймс
Авторска отговорност първи автор
R(LIN) 249420
139 ## - Редно поле
Редна дума Бейкър, Джеймс
Авторски знак Без - Б 32
245 10 - Сведения за заглавието
Заглавие Европейска Турция
Редно поле (дума) Джеймс Бейкър; прев. от англ. Елия Илиева; предг. от Ивелина Примовска.
257 ## - Страна на издаване
Страна на създаване/издаване Великобритания
260 ## - Област на издателските данни
-- София
Име на издателя, разпространителя и проч. Иван Вазов
Година на издаване 1994
300 ## - Физическа характеристика
Страници 336 с.
Илюстрации и др. с к., табл.
Размери/Мащаб 20 см
380 ## - Жанр
Жанр История
490 1# - СЕРИИ (Колекции)
Име на серия Извори
500 ## - Общи забележки
Забележка Без сведение за ориг. загл. - 2 000 тир. - Кн. е изд. с конкурс на Нац. център за книгата
650 #4 - Допълнително описание по предмет – тема
Основно описание – тема или топоним Турция - история - извори
9 (RLIN) 245082
650 #4 - Допълнително описание по предмет – тема
Основно описание – тема или топоним България - история, османско владичество - извори, английски
9 (RLIN) 249423
650 #4 - Допълнително описание по предмет – тема
Основно описание – тема или топоним Балкански държави - история, османско владичество - извори
9 (RLIN) 249424
651 #4 - Допълнително описание по предмет - топоним
Географско понятие Турция
9 (RLIN) 179691
651 #4 - Допълнително описание по предмет - топоним
Географско понятие България
9 (RLIN) 241624
653 ## - Ключова дума – ненормативна
Ключова дума Турция
653 ## - Ключова дума – ненормативна
Ключова дума България
653 ## - Ключова дума – ненормативна
Ключова дума балкански държави
653 ## - Ключова дума – ненормативна
Ключова дума османско владичество
653 ## - Ключова дума – ненормативна
Ключова дума история
653 ## - Ключова дума – ненормативна
Ключова дума извори
700 1# - Други автори (авторска отговорност)
Лично име Илиева, Елия
Автороска отговорност (Описва отношението между автора и произведението) прев. от англ.
9 (RLIN) 249421
700 1# - Други автори (авторска отговорност)
Лично име Примовска, Ивелина
Автороска отговорност (Описва отношението между автора и произведението) предг. от
9 (RLIN) 249422
852 ## - Местоположение
Форматна сигнатура Цб 180408
856 4# - Електронен адрес и достъп
Електронен формат pdf - файл
Път до файла /url/
856 4# - Електронен адрес и достъп
Електронен формат pdf - файл
Път до файла /url/
942 ## - АРТИКУЛИ
Вид на библиотечния материал Книги
Скрит в OPAC Не
Koha issues (borrowed), all copies 2
944 ## - СЪЗДАВАНЕ И РЕДАКЦИЯ на ЗАПИСА
Създаване/Редакция Създаване
Дата на регистрацията/редакция 15.01.2003
Служител, извършил регистрацията/редакцията Людмила_Стоянова
944 ## - СЪЗДАВАНЕ И РЕДАКЦИЯ на ЗАПИСА
Създаване/Редакция Редакция
Дата на регистрацията/редакция 14.01.2005
Служител, извършил регистрацията/редакцията
999 ## - СИСТЕМНИ КОНТРОЛНИ НОМЕРА
Koha biblionumber 4955
Koha biblioitemnumber 4955
Наличности
Код за отписване Код за изгубен артикул Източник на класификационната схема Код за повреда Коз за рестрикции Код за отдаване Артикулен № Име на библиотеката - собственик Име на библиотеката, в която се намира в момента Статус (Текущо местоположение) Дата на вписване в системата Местоположение - отдел Цена в лева Инвентарен номер Систематично азбучна сигнатура Баркод Номер на екземпляра Цена в евро Служебна бележка Служебен тип на артикула
  Не е изгубен Universal Decimal Classification Не е повреден без рестрикции ползва се в читалня 8764 Регионална библиотека "Любен Каравелов" Русе Регионална библиотека "Любен Каравелов" Русе Читалня 2001-01-01 Читалня 0.72 609317 Ч 93/94/Б 33 Д 120000609317 1 0.37 Дост: Pk Вид: Ф N: стар фонд Дата: 01.01.1994 Дата инв: 28.03.2017 Бележки инв: Ч2017 Книги
  Не е изгубен Universal Decimal Classification Не е повреден без рестрикции ползва се в читалня 8765 Регионална библиотека "Любен Каравелов" Русе Регионална библиотека "Любен Каравелов" Русе Хранилище 2001-01-01 Хранилище 0.72 610393 Цб 180408 120000610393 2 0.37 Дост: Dp Вид: Д N: стар фонд Дата: 01.01.1994 Дата инв: 22.04.2015 Бележки инв: Цб2015 Книги
  Не е изгубен Universal Decimal Classification Не е повреден без рестрикции заемане за дома 8766 Регионална библиотека "Любен Каравелов" Русе Регионална библиотека "Любен Каравелов" Русе Заемна - подръчен фонд 2001-01-01 Заемна - подръчен фонд 0.72 616310 94(5)/Б 33 Д 120000616310 3 0.37 Дост: Pk Вид: Ф N: стар фонд Дата: 01.01.1994 Дата инв: 08.02.2018 Бележки инв: П2018 Книги
Vip Innovations Ltd, Rousse, Bulgaria 2025